[Event "Africa-ch U18"]
[Site "Windhoek"]
[Date "2019.12.19"]
[Round "5.8"]
[White "Kasuto, Neto"]
[Black "Van der Westhuizen, Petrus"]
[Result "1/2-1/2"]
[WhiteElo "1512"]
[BlackElo "1303"]
[PlyCount "69"]
[EventDate "2019.12.16"]
[EventType "swiss"]
[EventRounds "9"]
[EventCountry "NAM"]
[SourceTitle "EXT 2024"]
[Source "ChessBase"]
[SourceDate "2023.10.10"]
[SourceVersion "1"]
[SourceVersionDate "2023.10.10"]
[SourceQuality "1"]

1. d4 d5 2. c4 c6 3. Nc3 Nf6 4. Nf3 Bf5 5. Bg5 e6 6. a3 Be7 7. e3 Nbd7 8. h3 h6 9. Bh4 Bd6 10. Bxf6 Nxf6 11. c5 Bc7 12. Bd3 Ne4 13. Qc2 Nxc3 14. Bxf5 exf5 15. Qxc3 0-0 16. 0-0 f4 17. b4 a6 18. Qd3 Re8 19. Rfe1 fxe3 20. fxe3 Bg3 21. Re2 g6 22. Nd2 f5 23. Rf1 Bh4 24. g4 Kg7 25. gxf5 Qg5+ 26. Rg2 Qxe3+ 27. Qxe3 Rxe3 28. Nf3 Bf6 29. fxg6 Rae8 30. Ne5 Rxh3 31. Rh2 Rxe5 32. Rxf6 Re7 33. Rff2 Rxh2 34. Rxh2 Kxg6 35. Rg2+ 1/2-1/2

[Event "Africa-ch U18"]
[Site "Windhoek"]
[Date "2019.12.16"]
[Round "1.6"]
[White "Mpala, Leeroy"]
[Black "Van der Westhuizen, Petrus"]
[Result "1/2-1/2"]
[WhiteElo "1779"]
[BlackElo "1303"]
[PlyCount "64"]
[EventDate "2019.12.16"]
[EventType "swiss"]
[EventRounds "9"]
[EventCountry "NAM"]
[SourceTitle "EXT 2024"]
[Source "ChessBase"]
[SourceDate "2023.10.10"]
[SourceVersion "1"]
[SourceVersionDate "2023.10.10"]
[SourceQuality "1"]

1. d4 d5 2. Nf3 c6 3. g3 Nf6 4. Bg2 e6 5. c4 Be7 6. 0-0 0-0 7. Ne5 Nbd7 8. Nc3 Nxe5 9. dxe5 Nd7 10. cxd5 exd5 11. e4 dxe4 12. Qd4 Nc5 13. Be3 Qc7 14. Nxe4 Nxe4 15. Bxe4 Bh3 16. Rfd1 Rfd8 17. Qc3 Rd7 18. Rxd7 Qxd7 19. Qc2 h5 20. Qe2 g6 21. Qd3 Rd8 22. Qxd7 Rxd7 23. f4 c5 24. Kf2 b6 25. b3 Kg7 26. Rc1 f6 27. Bc6 Rd8 28. exf6+ Bxf6 29. Rc2 Rd1 30. Rd2 Rf1+ 31. Ke2 Ra1 32. Kf2 Rf1+ 1/2-1/2